000 00627nam a2200241Ia 4500
003 OSt
005 20221007072748.0
006 a|||||r|||| 00| 0
007 ta
008 221006b |||||||| |||| 00| 0 eng d
024 _a12,526
037 _cTextual
040 _aFLL
_cFLL
_beng
041 _2eng
_aeng
082 _aV3:2:9Z, H6
100 _aPhillips O.Hood
245 0 _aConstitutional laws of great Britain
250 _a6th
260 _aLondon
_bSweet & Maxwell, Ltd. London
_c1946
300 _a710p
_ccm.
942 _hV3:2:9Z, H6
_cTEXL
_2CC
999 _c1146916
_d1146916